| 000 | 01080nam a22003014i 4500 | ||
|---|---|---|---|
| 999 |
_c46037 _d46037 |
||
| 001 | 19675 | ||
| 003 | CO-MdFUSB | ||
| 005 | 20190304125313.0 | ||
| 008 | 190228t1972 xxk||||| |||| 00| 0 eng d | ||
| 040 |
_aCO-MdFUSB _bspa _cCO-MdFUSB _dCO-MdFUSBC _erda |
||
| 041 | _aeng | ||
| 082 |
_223 _aG 222.1506 _bW423d |
||
| 100 | 1 |
_aWeinfeld, Moshe _eautor |
|
| 245 | 0 | 0 |
_aDeuteronomy and the deuteronomic school _c/ Moshe Weinfeld |
| 264 | 1 |
_aOxford, England : _bOxford University Press, _c℗[1972] |
|
| 264 | 4 | _c©1972 | |
| 300 |
_axviii, 467 páginas _c: 23 cm |
||
| 336 |
_atexto _btxt _2rdacontent |
||
| 337 |
_2rdamedia _asin mediación _bn |
||
| 338 |
_2rdacarrier _avolumen _bnc |
||
| 504 | _aIncluye índices (páginas 411-467) | ||
| 505 | 2 | _aLa tipología de la composición del Deuteronomio -- Desmitificación y secularización -- Literatura del Deuteronomio y literatura de la sabiduría | |
| 563 | _aTapa dura | ||
| 630 | 0 | 7 |
_aBiblia. _pAntiguo Testamento |
| 630 | 7 |
_aBiblia. _pDeuteronomio _xCrítica, interpretación, etc. |
|
| 942 | _cBK | ||